000 00367nam a22001577a 4500
003 MPLRDC
005 20220104142951.0
008 210129b ||||| |||| 00| 0 eng d
082 _a496.5 YCC
100 _a伊吹草著
245 _a为什么卖得那么好!?
_c
260 _a
_b现代工商出版社
_c
300 _b
650 _a
942 _cBK
_o496.5 YCC
999 _c35344
_d35334